| 000 | 00488nam a2200181Ia 4500 | ||
|---|---|---|---|
| 008 | 191130s1998##################000#0#eng## | ||
| 020 | _a9780333931110 | ||
| 040 |
_aACL _cACL |
||
| 082 | _a338.74 MAT | ||
| 100 | _aMattoo, P. K | ||
| 245 |
_aCorporate restructuring : Indian perspective _cP.K. Mattoo |
||
| 260 |
_aNew Delhi _bMacmillan _c1998 |
||
| 300 | _a204 p. 23 cm | ||
| 650 | _aEconomics | ||
| 990 | _aed1accebac10000c124dab82579afaae | ||
| 991 | _a250589 | ||
| 999 |
_c139724 _d139724 |
||